| 000 | 00409nam a2200157 i 4500 | ||
|---|---|---|---|
| 001 | 104022 | ||
| 003 | ES-MaACL | ||
| 005 | 20230906183508.0 | ||
| 007 | t| | ||
| 008 | 051122s1919 gw ||||1| ger d | ||
| 100 | 1 |
_aMeumann, Ernst. _980754 |
|
| 245 | 1 | 0 |
_aSystem der èasthetik / _cErnst Meumann. |
| 260 |
_aLeypzig : _bQuelle & Meyer, _c1919. |
||
| 300 |
_a144 p. ; _c18 cm. |
||
| 852 |
_aES-MaACL _jF-2681 |
||
| 999 |
_c104022 _d104022 |
||